| 000 | 00774nam a22001337a 4500 | ||
|---|---|---|---|
| 040 | _cRUA | ||
| 082 | _aAGR UN 2012 B051 Or.1 | ||
| 100 | _aUN, SOPHEAKDEY. | ||
| 245 | _aEffect of different rates of rice bran to the growth of straw mushroom grown wast substrate of oyster mushroom ឥទ្ធិពលនៃអត្រាកន្ទក់ខុសគ្នាទៅលើការលូតលាស់របស់ផ្សិតចំបើងដាំដុះលើកំប៉ុស្ដិ៍អាចម៍រណាសល់ពីការដាំផ្សិតអំប៉ោះ | ||
| 260 |
_aPhnom Penh _bRUA _c2012 |
||
| 300 |
_ax; 43p. _bill. _c29cm. |
||
| 856 | _uhttps://drive.google.com/file/d/1EtHUdb4BFDWgsMdoJ2svZ7QjYAxWIgSq/view?usp=sharing | ||
| 942 | _cAGR | ||
| 999 |
_c1192 _d1192 |
||